书目信息 |
| 题名: |
梁桥
|
|
| 作者: | 徐光辉 主编 | |
| 分册: | 上 | |
| 出版信息: | 北京 人民交通出版社 1998.01 |
|
| 页数: | 1211页 | |
| 开本: | 32开 | |
| 丛书名: | ||
| 单 册: | ||
| 中图分类: | U448.21 | |
| 科图分类: | ||
| 主题词: | 桥涵工程 | |
| 电子资源: | ||
| ISBN: | 7-114-02227-1 | |
| 000 | 00510nam0 2200181 45 | |
| 001 | 0002251796 | |
| 005 | 20061122163527.36 | |
| 010 | @a7-114-02227-1@d52.00元 | |
| 100 | @a20000225d1998 km y0chiy0120 ea | |
| 101 | @achi | |
| 200 | 1 | @a梁桥@Aliang qiao@h上@f徐光辉,胡明义主编@FXu Guang Hui,Hu Ming Yi Zhu Bian |
| 210 | @a北京@c人民交通出版社@d1998.01 | |
| 215 | @a1211页@d32开 | |
| 606 | 0 | @a桥涵工程 |
| 690 | @aU448.21@v3 | |
| 701 | @a徐光辉@4主编 | |
| 801 | @aCN@c20061122 | |
| 905 | @f1@b48756@dU448.21@eX319:1 | |
| 梁桥.上/徐光辉,胡明义主编.-北京:人民交通出版社,1998.01 |
| 1211页;32开 |
| ISBN 7-114-02227-1:52.00元 |
| ● |
| 相关链接 |
|
|
|
正题名:梁桥
索取号:U448.21/X319:1
 
预约/预借
| 序号 | 登录号 | 条形码 | 馆藏地/架位号 | 状态 | 备注 |
| 1 | 615683 | 206156835 | 自科库501/501自科库 55排1列5层/ [索取号:U448.21/X319:1] | 在馆 | |
| 2 | 615684 | 206156844 | 自科库501/501自科库 55排2列1层/ [索取号:U448.21/X319:1] | 在馆 | |
| 3 | 615685 | 206156853 | 自科库501/501自科库 55排2列1层/ [索取号:U448.21/X319:1] | 在馆 | |
| 4 | 615686 | 206156862 | 自科库501/501自科库 55排2列1层/ [索取号:U448.21/X319:1] | 在馆 | |
| 5 | 615687 | 206156871 | 自科库501/501自科库 55排2列1层/ [索取号:U448.21/X319:1] | 在馆 |